El camino del ser

Gespeichert in:
Bibliographische Detailangaben
1. Verfasser: Rogers, Carl (VerfasserIn)
Format: Buch
Sprache:Spanisch
Veröffentlicht: Barcelona Kairós 1987
Schriftenreihe:Kairós Psicología
Schlagworte:
Tags: Tag hinzufügen
Keine Tags, Fügen Sie den ersten Tag hinzu!

MARC

LEADER 00000nam a2200000 a 4500
001 UCW4797
003 CL-VaPUC
008 900817e19870000SP |||||||||||||||||spa|d
082 0 4 |a 615.85  |b ROG  |2 21 
100 0 |a Rogers, Carl  |e author  |9 307267 
245 1 3 |a El camino del ser 
300 |a 198 p 
942 |c BK 
945 |d 19900817 00:00:00 
260 |a Barcelona  |b Kairós  |c 1987 
650 7 |a PSICOTERAPIA CENTRADA EN EL CLIENTE  |2 CL-VaPUC  |9 269292 
650 7 |a PSICOLOGIA HUMANISTICA  |2 CL-VaPUC  |9 307721 
583 |a last modification  |c 19900817 00:00:00  |k Rodrigo Vera 
490 0 |a Kairós Psicología 
999 |c 218414  |d 218412 
952 |0 0  |1 0  |4 0  |6 615_850000000000000_ROG_1987  |7 0  |8 P  |9 207946  |a BIBEDU  |b BIBEDU  |c BIBEDU_PB  |d 2019-11-15  |i 275794K  |l 1  |o 615.85 ROG 1987  |p 275794K  |r 2023-12-01  |s 2023-11-14  |w 2019-11-15  |y BK  |k EDU